|
|
|
|
| LEADER |
01036cam a2200265 7i4500 |
| 001 |
0000069249 |
| 005 |
20220621090000.0 |
| 020 |
|
|
|a 9780226346847 (volume 2)
|
| 020 |
|
|
|a 9780226346854 (volume 3)
|
| 090 |
0 |
0 |
|a DS36.85
|b .H65
|
| 100 |
1 |
|
|a Hodgson, Marshall G. S
|
| 245 |
1 |
4 |
|a The venture of Islam :
|b conscience and history in a world civilization
|c Marshall G. S. Hodgson.
|
| 264 |
|
|
|a Chicago, IL:
|b University of Chicago Press,
|c 2000-2009.
|
| 300 |
|
|
|a 2 volumes.
|
| 336 |
|
|
|a text
|2 rdacontent
|
| 337 |
|
|
|a unmediated
|2 rdamedia
|
| 338 |
|
|
|a volume
|2 rdacarrier
|
| 505 |
0 |
|
|a vol. 2. The expansion of islam in the middle periods. -- vol. 3. The gunpowder empires and modern times
|
| 650 |
|
0 |
|a Islamic civilization
|
| 651 |
|
0 |
|a Middle East --
|x History --
|y 1517-
|
| 651 |
|
0 |
|a Islamic Empire --
|x History
|
| 997 |
|
|
|a Selangor Business School
|
| 998 |
|
|
|a Business Administration, Master
|
| 999 |
|
|
|a SBS0001243
|b BOK
|c OPEN SHELF
|e 1st Floor, Bestari Jaya
|
| 999 |
|
|
|a SBS0001244
|b BOK
|c OPEN SHELF
|e 1st Floor, Bestari Jaya
|